| 000 | 01325nac a22002651u 4500 | ||
|---|---|---|---|
| 008 | 100929s2008 mau|||||r|||| 001 0 eng d | ||
| 020 | _a0071266755 | ||
| 020 | _a9780071266758 | ||
| 082 |
_a658.15 _bBRE |
||
| 100 |
_aBrealey, Richard A. _919971 |
||
| 245 |
_aPrinciples of Corporate Finance / _bRichard A. Brealey, Stewart C. Myers and Franklin Allen |
||
| 250 | _a9th ed. | ||
| 260 |
_aBoston: _bMcGraw-hill,2008 _c2008 |
||
| 300 |
_a1 v. (various pagings): _bcol. ill.; _c24 cm. |
||
| 490 |
_99025 _aThe McGraw-Hill/Irwin Series in Finance, Insurance, and Real Estate _pFinancial Management |
||
| 504 | _aIncludes bibliographical references and index | ||
| 511 | _acatalogued by: wessam | ||
| 650 |
_aCorporations _x Finance. _919972 |
||
| 700 |
_aMyers, Stewart C. _919973 |
||
| 700 |
_aAllen, Franklin _919974 |
||
| 942 |
_cBB _k658.15 BRE _2ddc |
||
| 999 |
_c14738 _d14738 |
||